RICS rural land market survey Great Britain (Record no. 113315)

MARC details
000 -LEADER
fixed length control field 01007cad a22002055a 4500
001 - CONTROL NUMBER
control field L155089
008 - FIXED-LENGTH DATA ELEMENTS--GENERAL INFORMATION
fixed length control field 100222e20120212xxkd f s 000 0 eng u
035 ## - SYSTEM CONTROL NUMBER
System control number (Sirsi) u155089
041 ## - LANGUAGE CODE
Language code of text/sound track or separate title eng
110 2# - MAIN ENTRY--CORPORATE NAME
Corporate name or jurisdiction name as entry element Royal Institution of Chartered Surveyors
Subordinate unit Economics
9 (RLIN) 5033
245 00 - TITLE STATEMENT
Title RICS rural land market survey Great Britain
Remainder of title H2 2011
Medium [electronic resource]
260 ## - PUBLICATION, DISTRIBUTION, ETC.
Place of publication, distribution, etc. London
Name of publisher, distributor, etc. RICS
Date of publication, distribution, etc. 2012
490 00 - SERIES STATEMENT
Series statement RICS Rural Land Market Survey Great Britain
Volume/sequential designation Second Half 2011
520 ## - SUMMARY, ETC.
Summary, etc. RICS survey shows farmers driving up land prices to a record high in the second half of 2011 helped by strong commodity prices and easier access to finance. Highlights the growing disconnect between the flagging residential farming sector and the booming commercial arena.
590 ## - LOCAL NOTE (RLIN)
Local note KA
651 #4 - SUBJECT ADDED ENTRY--GEOGRAPHIC NAME
Geographic name United Kingdom
690 ## - LOCAL SUBJECT ADDED ENTRY--TOPICAL TERM (OCLC, RLIN)
Topical term or geographic name as entry element Rural
9 (RLIN) 6268
856 40 - ELECTRONIC LOCATION AND ACCESS
Uniform Resource Identifier <a href="https://www.rics.org/profession-standards/knowledge-and-information-services/document-delivery-and-o">https://www.rics.org/profession-standards/knowledge-and-information-services/document-delivery-and-o</a>
Public note email [email protected] to request a copy
942 ## - ADDED ENTRY ELEMENTS (KOHA)
Suppress in OPAC 0
Holdings
Withdrawn status Lost status Source of classification or shelving scheme Damaged status Not for loan Home library Current library Shelving location Date acquired Total Checkouts Full call number Barcode Date last seen Copy number Price effective from Koha item type
    Dewey Decimal Classification     Virtual Virtual Online 28/02/2012   ONLINE PUBLICATION 155089-2001 06/08/2019 1 06/08/2019 Book